| 000 | 01261nam a22003497a 4500 | ||
|---|---|---|---|
| 003 | CHAP | ||
| 005 | 20220329140906.0 | ||
| 008 | 971013s1995 r 00010 d | ||
| 010 | _a59396 | ||
| 011 | _a60368 | ||
| 035 | _a64529 | ||
| 040 | _cCHAP | ||
| 090 | _aTesis | ||
| 100 | 0 | 0 |
_aArenas Cabrera, Arcángel Adán. _96952 |
| 245 | _aEvaluación biológica y económica de restricciones cualitativas y cuantitativas de alimentación como control del síndrome ascítico en pollo de engorda | ||
| 260 |
_aChapingo, Méx. : _bEl autor, _c1995 |
||
| 300 | _a83 h. | ||
| 502 | _aTesis (Ing. Agr. Esp. en Zootecnia) -- UACH. Departamento de Zootecnia | ||
| 590 |
_aALEPH _b10 _c20130110 _lUCH01 _h1337 |
||
| 590 |
_aBATCH-UPD _b10 _c20130110 _lUCH01 _h0709 |
||
| 590 |
_aBATCH-UPD _b10 _c20130410 _lUCH01 _h0355 |
||
| 590 |
_aBATCH-UPD _b10 _c20130914 _lUCH01 _h0356 |
||
| 590 |
_aCONVERSION _b10 _c20130109 _lUCH01 _h1332 |
||
| 650 | 1 | 4 |
_aAves de corral _xAlimentación. _98638 |
| 650 | 1 | 4 |
_aAves de corral _xEngorda. _98647 |
| 650 | 1 | 4 |
_aHidropsia. _955281 |
| 700 | 0 |
_aSantiago Jiménez, Fernando. _9102350 |
|
| 901 | _aBK | ||
| 942 | _cFOLL | ||
| 949 |
_bBC _cTES _d-140940 _eTS1 _h28689 _i64529 _si |
||
| 949 |
_bBC _cTES _d33724000077368 _eTS2 _fc.2 _h28690 _i64529 _si |
||
| 999 |
_c59396 _d59396 |
||